Statistics for AFI's 25 Greatest Movie Musicals of All Time

Click here to take the quiz!

General Stats

  • This quiz has been taken 1,055 times
  • The average score is 9 of 25

Answer Stats

Hint Answer % Correct
1965The Sound of Music
82%
2002Chicago
71%
1952Singin' in the Rain
70%
1961West Side Story
69%
1939The Wizard of Oz
65%
1964My Fair Lady
64%
1964Mary Poppins
57%
1978Grease
57%
1972Cabaret
52%
1955Guys and Dolls
36%
1956The King & I
35%
2001Moulin Rouge!
33%
1968Funny Girl
29%
1951An American in Paris
28%
1954Seven Brides for Seven Brothers
26%
1991Beauty and the Beast
24%
1944Meet Me in St. Louis
20%
1935Top Hat
20%
193342nd Street
20%
1949On the Town
18%
1936Show Boat
18%
1979All That Jazz
15%
1954A Star Is Born
14%
1953The Band Wagon
10%
1942Yankee Doodle Dandy
8%

Score Distribution

Percentile by Number Answered

Percent of People with Each Score

Your Score History

You have not taken this quiz